Central Library OPAC University of Rajshahi

The country of the pointed firs, and other stories / (Record no. 17995)

MARC details
000 -LEADER
fixed length control field 00985cam a2200313u 4500
001 - CONTROL NUMBER
control field 17995
003 - CONTROL NUMBER IDENTIFIER
rucl marc code BD-RjUL
005 - DATE AND TIME OF LATEST TRANSACTION
control field 20211209000225.0
008 - FIXED-LENGTH DATA ELEMENTS--GENERAL INFORMATION
fixed length control field 140219s1955 nyu 000 0 eng
035 ## - SYSTEM CONTROL NUMBER
System control number (BD-RjUL)18053
040 ## - CATALOGING SOURCE
Original cataloging agency DLC
Transcribing agency CarP
Modifying agency DLC
Language of cataloging eng
041 ## - LANGUAGE CODE
Language code of text/sound track or separate title eng
082 ## - DEWEY DECIMAL CLASSIFICATION NUMBER
Classification number 813.5
Author mark and year JEC 1955
100 1# - MAIN ENTRY--PERSONAL NAME
Personal name Jewett, Sarah Orne,
Dates associated with a name 1849-1909.
9 (RLIN) 55467
245 14 - TITLE STATEMENT
Title The country of the pointed firs, and other stories /
Statement of responsibility, etc. Sarah Orne Jewett
260 ## - PUBLICATION, DISTRIBUTION, ETC. (IMPRINT)
Place of publication, distribution, etc. Garden City, N.Y. :
Name of publisher, distributor, etc. Doubleday,
Date of publication, distribution, etc. 1955
300 ## - PHYSICAL DESCRIPTION
Pagination 320 p. ;
Size 18 cm.
650 #0 - SUBJECT ADDED ENTRY--TOPICAL TERM
Topical term or geographic name as entry element Women authors
Form subdivision Fiction.
9 (RLIN) 55468
Topical term or geographic name as entry element Seaside resorts
Form subdivision Fiction.
9 (RLIN) 42214
Topical term or geographic name as entry element Summer resorts
Form subdivision Fiction.
9 (RLIN) 55469
Topical term or geographic name as entry element Country life
Form subdivision Fiction.
9 (RLIN) 55470
Topical term or geographic name as entry element Authorship
Form subdivision Fiction.
9 (RLIN) 42428
651 #0 - SUBJECT ADDED ENTRY--GEOGRAPHIC NAME
Geographic name Maine
Form subdivision Fiction.
9 (RLIN) 55471
942 ## - ADDED ENTRY ELEMENTS (KOHA)
Source of classification or shelving scheme Dewey Decimal Classification
Koha item type Books
Holdings
Lost status Source of classification or shelving scheme Damaged status Not for loan Collection code Permanent Location Current Location Shelving location Date acquired Total Checkouts Full call number Date last seen Copy number Koha item type
  Dewey Decimal Classification   Not For Loan Fiction Central Library, University of Rajshahi Central Library, University of Rajshahi Reading Room 19/02/2014   813.5 JEC 1955 19/02/2014 C-1 Books